000 00642nam a22002177a 4500
003 UA-OsUOA
001 37139
007 ta
008 20060223b un ||||| |||| 00| 0 ukr d
100 _aЧижевська М.Б.
090 _a330
_bЧ-11
942 _cSA
040 _aUA-OsUOA
_bukr
_cUA-OsUOA
_dUA-OsUOA
245 _aКредитна кооперація на ринку споживчого кредитування
300 _aС.30-33
955 _a0
041 _aukr
080 _a330
773 0 _w37137
_tЕкономіка. Фінанси. Право.
_dК.
_d2006
_g1
650 7 _a330 Економіка взагалі
_2UDC
999 _c323346
_d323346